000 00232nam a2200097Ia 4500
005 20251222114352.0
008 251222s1900||||xx |||||||||||||| ||spa||
082 _aDVD0070/L47/2003
245 0 _aÉrase una vez en américa:
942 _cDVD
999 _c1268
_d1268